<?xml version="1.0" encoding="UTF-8"?>
<collection xmlns="http://www.loc.gov/MARC21/slim">
 <record>
  <leader>01082nam a2200193 a 4500</leader>
  <controlfield tag="001">00023358</controlfield>
  <controlfield tag="008">111220s2011    bg           l000 0 ben    </controlfield>
  <datafield tag="040" ind1=" " ind2=" ">
   <subfield code="a">DB-DhAAL</subfield>
   <subfield code="c">DB-DhAAL</subfield>
  </datafield>
  <datafield tag="082" ind1="0" ind2="0">
   <subfield code="a">333.793/2095492</subfield>
   <subfield code="2">22</subfield>
  </datafield>
  <datafield tag="245" ind1="0" ind2="0">
   <subfield code="a">বিদ্যুৎ ও জ্বালানি খাত উন্নয়নে পথনকশা :</subfield>
   <subfield code="b">একটি হালচিত্র</subfield>
  </datafield>
  <datafield tag="260" ind1=" " ind2=" ">
   <subfield code="a">ঢাকা :</subfield>
   <subfield code="b">গণপ্রজাতন্ত্রী বাংলাদেশ সরকার, </subfield>
   <subfield code="c">২০১১.</subfield>
  </datafield>
  <datafield tag="300" ind1=" " ind2=" ">
   <subfield code="a">ii, ৬৫ পৃ. ;</subfield>
   <subfield code="c">২৮ সে.মি.</subfield>
  </datafield>
  <datafield tag="541" ind1=" " ind2=" ">
   <subfield code="e">00023358</subfield>
  </datafield>
  <datafield tag="650" ind1=" " ind2="0">
   <subfield code="a">Electric utilities</subfield>
   <subfield code="x">Government policy</subfield>
   <subfield code="z">Bangladesh.</subfield>
  </datafield>
  <datafield tag="650" ind1=" " ind2="0">
   <subfield code="a">Energy policy</subfield>
   <subfield code="z">Bangladesh.</subfield>
  </datafield>
  <datafield tag="710" ind1="2" ind2=" ">
   <subfield code="a">গণপ্রজাতন্ত্রী বাংলাদেশ সরকার </subfield>
   <subfield code="b">অর্থ বিভাগ, অর্থ মন্ত্রণালয়  </subfield>
  </datafield>
  <datafield tag="852" ind1="1" ind2=" ">
   <subfield code="a">Ayesha Abed Library</subfield>
   <subfield code="c">General Shelf.</subfield>
  </datafield>
  <datafield tag="999" ind1=" " ind2=" ">
   <subfield code="c">11633</subfield>
   <subfield code="d">11633</subfield>
  </datafield>
  <datafield tag="952" ind1=" " ind2=" ">
   <subfield code="0">0</subfield>
   <subfield code="1">0</subfield>
   <subfield code="2">ddc</subfield>
   <subfield code="4">0</subfield>
   <subfield code="6">333_793209549200000_BID</subfield>
   <subfield code="7">0</subfield>
   <subfield code="9">18926</subfield>
   <subfield code="a">BRACUL</subfield>
   <subfield code="b">BRACUL</subfield>
   <subfield code="c">GEN</subfield>
   <subfield code="d">2011-12-22</subfield>
   <subfield code="l">0</subfield>
   <subfield code="o">333.7932095492 BID</subfield>
   <subfield code="p">3010023358</subfield>
   <subfield code="r">2011-12-22</subfield>
   <subfield code="t">1</subfield>
   <subfield code="w">2011-12-22</subfield>
   <subfield code="y">BK</subfield>
  </datafield>
 </record>
</collection>
